| 000 | 00489nam a2200193Ia 4500 | ||
|---|---|---|---|
| 008 | 210210b2009 xxu||||| |||| 00| 0 eng d | ||
| 020 | _a8130910853 | ||
| 041 | _aeng | ||
| 082 | _a658.8 BPPB | ||
| 100 | _aBPP LEARNING MEDIA | ||
| 245 | _aBusiness essentials: marketing | ||
| 260 |
_aNew Delhi _bViva Books Private Limited _c2009 |
||
| 300 | _aviii,500 | ||
| 650 | _amarketing | ||
| 650 | _aessentials: | ||
| 650 | _aBusiness | ||
| 690 | _aMarketing Management | ||
| 906 | _a064468 | ||
| 999 |
_c141365 _d141365 |
||